Quizzes
Events
Quiz Creation
Community
Videos
Private Events
Remove Ads
Sign In
Join for FREE
Feedback
Dark Mode
Quiz Categories
Sports
Geography
Music
Movies
Television
Just For Fun
Miscellaneous
History
Literature
Language
Science
Gaming
Entertainment
Religion
Holiday
For Kids
Quiz Lab
Recent
Popular Today
Quiz Kudos Today
Editor Picks
Curator Picks
Quizzes by...
Day
Popularity
Type
Ratings
Length
Year
Community
Subscriptions
Recent Discussions
Orange Saloon
Badges
Playlists
Quests
Create
Leaderboards
Showdown
Live 5
Trivia Bingo
Activity
Puzzle Library
Sporcle Events
Private Events
Virtual Trivia
Globe League
Become a Host
Pub Owners
SporcleCon
Opinionation
Our Games
Videos
Blog
Mobile Apps
Partnerships
Remove Ads and Go Orange
Feedback
Television
TV Characters
TV Show
Sitcom
Network
Friends
Reality Shows
Cast
South Park
Star Trek
The Simpsons
Doctor Who
Television
TV Characters
TV Show
Sitcom
Network
Friends
Reality Shows
Cast
South Park
Star Trek
The Simpsons
Doctor Who
Random Quiz
Search Sporcle
×
Quiz Lab
Quiz Lab
Television
Reality Shows
Type in answers that appear in a list
Type in answers that appear in a list
Classic
Best Score? Go Orange.
Middle-Aged Survivor Contestants (26-39 Years Old) P.1 Stats
Can you name the Middle-Aged Survivor Contestants (26-39 Years Old) from Seasons 1-20?
By
tjfboom27
20m
157 Questions
100 Plays
100 Plays
100 Plays
Comments
Comments
Give Quiz Kudos
Give Quiz Kudos
-
- Ratings
hide this ad
Replay
Link that replays current quiz
Next Quiz
Link to next quiz in quiz playlist
You Got
0%
They Got
Avg Score
74%
Avg Friend Score
Upgrade to see
Score Distribution
Jump to the score distribution portion of the page
Score
0/157
Timer
20:00
0
Plays Today
Hint
Answer
% Correct
Australian Outback
Kel Gleason
95%
Borneo & Blood vs. Water
Gervase Peterson
94%
Africa
Kim Powers
94%
Palau
Jenn Lyon
94%
Borneo & Cambodia
Kelly Wiglesworth
94%
Tocantins
Joe Dowdle
93%
Australian Outback, All-
Stars & Winners at War
Amber Brkich
92.2%
Borneo & All-
Stars
Richard Hatch
92%
Borneo & All-
Stars
Jenna Lewis
92%
Borneo & All-
Stars
Sue Hawk
91%
Australian Outback & Cambodia
Kimmi Kappenberg
91%
Australian Outback, Cambodia & Game Changers
Jeff Varner
91%
Australian Outback, All-
Stars & Heroes vs. Villains
Colby Donaldson
91%
Cook Islands, Micronesia, South Pacific & Game Changers
Ozzy Lusth
91%
Tocantins & Cambodia
Stephen Fishbach
91%
Cook Islands, Micronesia, Heroes vs. Villains & Winners at War
Parvati Shallow
91%
Australian Outback & All-
Stars
Alicia Calaway
90%
Australian Outback, All-
Stars & Heroes vs. Villains
Jerri Manthey
90%
Marquesas, All-
Stars, Heroes vs. Villains, Redemption Island, Island of the Idols (Mentor) & Winners at War
Rob Mariano
90%
Pearl Islands, Heroes vs. Villains, Game Changers, Island of the Idols (Mentor) & Winners at War
Sandra Diaz-Twine
90%
Gabon
Dan Kay
90%
Australian Outback & Philippines
Michael Skupin
89%
Africa, All-
Stars & Winners at War
Ethan Zohn
89%
Pearl Islands, All-
Stars, Heroes vs. Villains & Blood vs. Water
Rupert Boneham
89%
Pearl Islands & Micronesia
Jon 'Jonny Fairplay' Dalton
89%
Vanuatu
James 'Chad' Crittenden
89%
Palau
James Miller
89%
Fiji
James 'Rocky' Reid
89%
Micronesia
Michael 'Mikey B' Bartone
89%
Tocantins, Heroes vs. Villains, Blood vs. Water & Winners at War
Tyson Apostol
89%
Tocantins, Heroes vs. Villains & South Pacific
Benjamin 'Coach' Wade
89%
Africa & All-
Stars
Lex van den Berghe
88%
Panama
Courtney Marit
88%
Cook Islands & Winners at War
Yul Kwon
88%
Fiji
Boo Bernis
88%
China & Heroes vs. Villains
Courtney Yates
88%
Samoa, Heroes vs. Villains & Redemption Island
Russell Hantz
88%
Palau, Guatemala & Heroes vs. Villains
Stephenie LaGrossa
88%
Cook Islands, Heroes vs. Villains & Blood vs. Water
Candice Woodcock-Cody
88%
Marquesas
John Carroll
87%
Vanuatu
John Palyok
87%
Vanuatu
Chris Daugherty
87%
Guatemala & Winners at War
Danni Boatwright
87%
Panama, Micronesia, Heroes vs. Villains & Game Changers
Cirie Fields
87%
Micronesia
Natalie Bolton
87%
Gabon & Heroes vs. Villains
Jessica 'Sugar' Kiper
87%
Samoa
Natalie White
87%
Panama & Blood vs. Water
Aras Baskauskas
87%
Tocantins, Heroes vs. Villains & Game Changers
J.T. Thomas, Jr.
87%
Amazon
Daniel Lue
86%
Panama
Bobby Mason
86%
China, Micronesia & Heroes vs. Villains
James Clement
86%
Cook Islands
Adam Gentry
85%
Hint
Answer
% Correct
China
Erik Huffman
85%
China & Cambodia
Peih-Gee Law
85%
Samoa
Erik Cardona
85%
Borneo
Joel Klug
84%
Borneo
Sean Kenniff
84%
Marquesas
Sean Rector
84%
Amazon
Alex Bell
84%
Vanuatu & Micronesia
Ami Cusack
84%
Palau & Guatemala
Bobby Jon Drinkard
84%
Fiji
Earl Cole
84%
Micronesia
Joel Anderson
84%
Panama & Heroes vs. Villains
Danielle DiLorenzo
84%
Micronesia & Caramoan
Erik Reichenbach
84%
Marquesas
Vecepia Towery
83%
Thailand
Ken Stafford
83%
Pearl Islands & Cambodia
Andrew Savage
83%
Pearl Islands
Ryan Opray
83%
Gabon & Caramoan
Corrine Kaplan
83%
China
Dave Cruser
82%
Samoa
Dave Ball
82%
Samoa & Cambodia
Monica Padilla
82%
Thailand & All-
Stars
Shii Ann Huang
81%
Thailand
Brian Heidik
81%
Cook Islands
Sundra Oakley
81%
Cook Islands
Becky Lee
81%
Samoa & Blood vs. Water
Laura Morett
81%
Cook Islands
Brad Virata
80%
China
Ashley Massaro
80%
Thailand
Erin Collins
79%
Palau
Katie Gallagher
79%
China
Aaron Reisberger
79%
Gabon
Crystal Cox
79%
Tocantins
Taj Johnson-George
79%
Cook Islands
Jessica Smith
78%
Fiji
Jessica DeBen
78%
Gabon
Matty Whitmore
78%
Borneo
Stacey Stillman
77%
Borneo
Gretchen Cordy
77%
Samoa
Mick Trimming
77%
Borneo
Ramona Gray
76%
Panama
Shane Powers
76%
Marquesas
Zoe Zanidakis
73%
Amazon
Matthew von Ertfelda
73%
Cook Islands
Billy Garcia
73%
Samoa
Jaison Robinson
73%
Cook Islands
Jenny Guzon-Bae
71%
Fiji
Stacy Kimball
71%
China
Jean-Robert Bellande
71%
Gabon
Marcus Lehman
71%
Pearl Islands
Burton Roberts
70%
Cook Islands
Nate Gonzalez
70%
Tocantins
Brendan Synnott
70%
Gabon
Charlie Herschel
69%
Hint
Answer
% Correct
Samoa
Ben Browning
69%
Palau
Gregg Carey
68%
Micronesia
Mary Sartain
68%
Africa
Lindsey Richter
67%
Marquesas
Tammy Leitner
67%
Marquesas
Robert DeCanio
67%
Thailand
Ted Rogers, Jr.
67%
Guatemala
Judd Sergeant
67%
Cook Islands
Rebecca Borman
67%
Africa
Jessie Camacho
66%
Pearl Islands
Shawn Cohen
66%
Cook Islands
JP Calderon
66%
Samoa
Liz Kim
66%
Marquesas
Hunter Ellis
65%
Pearl Islands
Osten Taylor
65%
Fiji
Erica Durousseau
65%
Marquesas
Gina Crews
64%
Pearl Islands
Tijuana Bradley
64%
Palau
Coby Archa
64%
Guatemala
Amy O'Hara
64%
Guatemala
Cindy Hall
64%
Fiji
Edgardo Rivera
64%
Thailand
Ghandia Johnson
63%
Vanuatu
Brook Geraghty
63%
Fiji
Lisi Linares
63%
China
Leslie Nease
63%
Tocantins
Carolina Eastwood
63%
Panama
Melinda Hyder
62%
Panama
Sally Schumann
62%
Fiji
Anthony Robinson
62%
Thailand
Penny Ramsey
61%
Vanuatu
Rory Freeman
61%
Vanuatu
Leann Slaby
61%
Palau
Janu Tornell
61%
Cook Islands
Cecilia Mansilla
61%
Amazon
Deena Bennett
60%
Palau
Jolanda Jones
60%
China
Sherea Lloyd
60%
Amazon
JoAnna Ward
59%
Gabon
Ace Gordon
59%
Vanuatu
Brady Finta
58%
Cook Islands
Stephannie Favor
58%
Tocantins
Candace Smith
58%
Samoa
Marisa Calihan
58%
Vanuatu
Travis 'Bubba' Simpson
57%
Cook Islands
Cristina Cora
57%
Fiji
Rita Verreos
57%
Thailand
Tanya Vance
56%
Vanuatu
Mia Galeotalanza
56%
Palau
Ibrehem Rahman
56%
Samoa
Yasmin Giles
54%
Quiz Playlist
Details
Report
Send in Message
Add To Playlist
Classic:
Type in answers that appear in a list
Last Updated: Dec 23, 2019
Quiz Scoreboard
CHALLENGE
Sign Up to Join the Scoreboard
Show All
Scores
Hide
Comments
May contain spoilers
Recently Published
Billboard Blitz: Fleetwood Mac
by CooCooCachoo
Music
15s
Presidents Visiting Landmarks
by Hejman
History
7m
An Introduction to Baseball
by treessimontrees
Sports
5m
More to Explore
Quiz From the Vault
Featured Blog Post
Where Did the Easter Bunny Come From?
hide this ad
You Might Also Like...
Tags
Reality Shows Quiz
Merge Survivors
Sole Survivor
Survivor
Survivor Buff
Survivor Castaways
Survivor Series
Survivor Trivia
Today's Top Quizzes in Television
Browse Television
hide this ad
Today's Top Quizzes in Reality Shows
Browse Reality Shows
Top Contributed Quizzes in Television
1
5-to-1: The Simpsons Families
2
5-to-1: Television Doctors
3
7-to-1: TV Show Settings
4
One Piece Logic Puzzle
5
5-to-1: Streaming Originals
6
Survivor Seasons
7
Survivor Logic Puzzle: Heroes vs. Villains
8
TV Shows by First Names
9
Survivor Season by Logo
10
One Thing in Common: Television
Explore More
Trending Topics
Marvel
NBA
Kpop
Disney
Anime
Harry Potter
Crossword
WWE
Song
Soccer
NFL
Country
The Office
Pokémon
Puzzle
hide this ad
More By:
tjfboom27
Quiz
Plays
Rating
Category
Featured
Created
Survivor Contestants Beginning with the Letter 'E'
1,356
5.00
Television
Dec 31, 2018
Survivor Contestants Beginning with the Letter 'B'
1,194
5.00
Television
Dec 31, 2018
Survivor Contestants Beginning with the Letter 'A'
1,177
5.00
Television
Dec 31, 2018
Survivor Contestants Beginning with the Letter 'K'
1,133
4.00
Television
Jan 1, 2019
Survivor Contestants Beginning with the Letter 'C'
1,047
5.00
Television
Dec 31, 2018
Go to Creator's Profile
Score Distribution
Quiz Creator Spotlight
tjfboom27
Follow
Send a Message
Quizzes Created
-
Created Quiz Play Count
-
More By This Creator
Popular Quizzes Today
1
Find the US States - No Outlines Minefield
2
Find the Countries of Europe - No Outlines Minefield
3
The Countries of the World
4
Find the US States
5
US States
6
Popular People in 1961
7
Risky Map Clicking: Biggest States A-Z
8
Movies - When Are They Set?
More Television Quizzes
LOST: In Every Sporcle Category
Curator's Pick
Trending Quizzes
Risky Map Clicking: Least Populous States A-Z
1-10 Letter G Words
1-10 Letter F Words
Risky Map Clicking: Next State Alphabetically
'A' Boys' Names Grid
Recently Updated
Leaping Animals
pecheneg
Reality TV Shows (A-Z)
bhenderson79
Rickey Henderson's Hall of Fame Teammates
pecheneg
Champions League XIs: Arsenal
pecheneg
Quick Pick: Celebrities in WWE's Hall of Fame
aduchscher
A-Z Keypad Blitz II
pecheneg
Multiple Oscar Actors
pecheneg
Mystery Phrase Blitz: Oscar 'Best Actors'
pecheneg
F. Scott Fitzgerald Novels
LTH
Pick 3 Villains
ddd62291
Trending Topics
Crossword
NBA
Disney
Anime
Kpop
Marvel
Harry Potter
Pokémon
Soccer
Country
The Office
Puzzle
WWE
NFL
Song
Your Account Isn't Verified!
In order to create a playlist on Sporcle, you need to verify the email address you used during registration. Go to your
Sporcle Settings
to finish the process.
Report this User
Report this user for behavior that violates our
Community Guidelines
.
Details:
Send Report
Go to the Sporcle.com Mobile Site →
Comments